00436nam a2200121Ia 450000500170000000800410001704000080005808200160006610000200008224501560010226000430025830000130030120190919131013.0190125s9999 xx 000 0 und d cDLC a297.63bHAI aKiran Armstrong aمحمدﷺ : پیغمبرِ ِاسلام کی سوانح حیات ۔۔۔۔۔۔۔۔۔۔۔۔۔۔۔hMuhammad (S.W) : Peghambar e Islama ke sawan e hayat bFazli Book Super MarketaKarachic2012 a370,p. :